[Event "AUTO-OPEN-3383"]
[Site "http://www.queenalice.com/game.php?id=1323036"]
[Date "2014.11.18"]
[Round "1"]
[White "dgrecu"]
[Black "duschgel"]
[Result "0-1"]
[WhiteElo "1277"]
[BlackElo "2057"]

1. e4 c6 2. Nc3 d5 3. exd5 cxd5 4. d4 Nf6 5. Nf3 Bg4 6. Be2 e6 7. Ne5 Bxe2 8.
Qxe2 Nc6 9. Bg5 Nxd4 10. Qd3 Nc6 11. Nxc6 bxc6 12. O-O Be7 13. Qa6 Qc7 14. Bxf6
Bxf6 15. Ne2 O-O 16. c4 Bxb2 17. Rab1 Rfb8 18. cxd5 cxd5 19. h3 Rb6 20. Qd3 Bf6
21. Rxb6 axb6 22. Nc3 Qxc3 23. Qxc3 Bxc3 0-1

[Event "AUTO-OPEN-3389"]
[Site "http://www.queenalice.com/game.php?id=1325216"]
[Date "2014.11.29"]
[Round "1"]
[White "Beno"]
[Black "dgrecu"]
[Result "1-0"]
[WhiteElo "1270"]
[BlackElo "1275"]

1. d4 d5 2. c4 dxc4 3. e4 e5 4. d5 Bd6 5. Bxc4 Nf6 6. Bd3 O-O 7. Nf3 h6 8. O-O
c6 9. Nc3 Bg4 10. h3 Bd7 11. dxc6 Bxc6 12. a3 Qe7 13. Qe2 a6 14. Bc4 b5 15. Ba2
b4 16. Nd5 Nxd5 17. exd5 Bb5 18. Bc4 Bd7 19. Re1 Re8 20. Be3 bxa3 21. bxa3 e4
22. Nd4 Bxh3 23. gxh3 g6 24. Qg4 h5 25. Qg2 Qd7 26. Be2 f5 27. Qxg6+ Qg7 28.
Qxg7+ Kxg7 29. Nxf5+ Kf6 30. Nxd6 1-0

[Event "AUTO-OPEN-3389"]
[Site "http://www.queenalice.com/game.php?id=1325217"]
[Date "2014.11.29"]
[Round "1"]
[White "dgrecu"]
[Black "Beno"]
[Result "0-1"]
[WhiteElo "1275"]
[BlackElo "1223"]

1. e4 d6 2. d4 g6 3. c4 Bg7 4. Nf3 Nd7 5. Nc3 c6 6. Bd3 Qc7 7. Bf4 e5 8. dxe5
dxe5 9. Bg3 Ngf6 10. Nd4 Nh5 11. Bh4 exd4 12. Ne2 O-O 13. g4 Nf4 14. Nxf4 Qxf4
15. f3 Ne5 16. O-O Qe3+ 17. Bf2 Qxd3 18. Bxd4 Qxc4 19. b3 Qe6 20. Bxe5 Qxe5 21.
h4 Qg3+ 22. Kh1 Qxh4+ 23. Kg2 Be6 24. Rc1 Rad8 0-1

[Event "AUTO-OPEN-3389"]
[Site "http://www.queenalice.com/game.php?id=1325237"]
[Date "2014.11.29"]
[Round "1"]
[White "dgrecu"]
[Black "jlpbarreto"]
[Result "0-1"]
[WhiteElo "1321"]
[BlackElo "1934"]

1. e4 e6 2. Nc3 d5 3. exd5 exd5 4. d4 Nf6 5. Bg5 c6 6. Nf3 Be7 7. Bxf6 Bxf6 8.
Bd3 Bg4 9. O-O O-O 10. Be2 Nd7 11. Qd3 Bh5 12. Rae1 Qb6 13. b3 Bg6 14. Qd2 Rfe8
15. Bd3 Bh5 16. Rxe8+ Rxe8 17. Na4 Qc7 18. Qd1 Kh8 19. Re1 Qd8 0-1

[Event "AUTO-INT-2929"]
[Site "http://www.queenalice.com/game.php?id=1325581"]
[Date "2014.12.1"]
[Round "1"]
[White "dgrecu"]
[Black "rodracena"]
[Result "0-1"]
[WhiteElo "1319"]
[BlackElo "1704"]

1. e4 d5 2. e5 c5 3. Bb5+ Bd7 4. Bxd7+ Nxd7 5. d4 e6 6. Nf3 cxd4 7. Qxd4 Bc5 8.
Qf4 Ne7 9. Ng5 O-O 10. O-O Ng6 11. Qg3 Ndxe5 12. Nc3 f6 13. Nxe6 Qd6 14. Nf4 Ne7
15. Rd1 Bb6 16. Nfxd5 Nxd5 17. Nxd5 Rad8 0-1

[Event "AUTO-INT-2929"]
[Site "http://www.queenalice.com/game.php?id=1325582"]
[Date "2014.12.1"]
[Round "1"]
[White "rodracena"]
[Black "dgrecu"]
[Result "1-0"]
[WhiteElo "1702"]
[BlackElo "1323"]

1. e4 d5 2. exd5 Qxd5 3. Nc3 Qe5+ 4. Be2 Nf6 5. Nf3 Qc5 6. d4 Qd6 7. Nb5 Qb4+ 8.
Bd2 Qxb2 9. Nxc7+ Kd8 10. Nxa8 Nc6 11. O-O Bg4 12. d5 Nxd5 13. Bf4 Bxf3 14. Bxf3
Qd4 15. Qc1 e5 16. Rd1 1-0

[Event "AUTO-INT-2929"]
[Site "http://www.queenalice.com/game.php?id=1325585"]
[Date "2014.12.1"]
[Round "1"]
[White "dgrecu"]
[Black "pssservicos"]
[Result "0-1"]
[WhiteElo "1275"]
[BlackElo "1664"]

1. e4 e5 2. Nc3 Bb4 3. Nd5 Nc6 4. c3 Bc5 5. b4 Bb6 6. Nxb6 axb6 7. a3 Nf6 8. d3
O-O 9. Bg5 h6 10. Bxf6 Qxf6 11. Be2 d6 12. Nf3 Bg4 13. Nxe5 Nxe5 14. O-O Qg6 15.
Bxg4 Nxg4 0-1

[Event "AUTO-INT-2929"]
[Site "http://www.queenalice.com/game.php?id=1325586"]
[Date "2014.12.1"]
[Round "1"]
[White "pssservicos"]
[Black "dgrecu"]
[Result "1-0"]
[WhiteElo "1666"]
[BlackElo "1273"]

1. e4 d5 2. exd5 Qxd5 3. Nc3 Qe5+ 4. Qe2 Qxe2+ 5. Bxe2 e5 6. Nb5 Bd6 7. c4 a6 8.
Nc3 Be6 9. Nf3 f6 10. O-O h6 11. a3 Ne7 12. d4 exd4 13. Nxd4 Bf7 14. b4 Be5 15.
Be3 Bxd4 16. Bxd4 1-0

[Event "AUTO-BEG-620"]
[Site "http://www.queenalice.com/game.php?id=1328343"]
[Date "2014.12.15"]
[Round "1"]
[White "rfdc"]
[Black "dgrecu"]
[Result "1-0"]
[WhiteElo "1275"]
[BlackElo "1317"]

1. d4 d5 2. e3 Nf6 3. Nf3 Nc6 4. c4 dxc4 5. Bxc4 e6 6. Nc3 Bb4 7. Bd2 Bxc3 8.
bxc3 O-O 9. Bb5 Ne7 10. c4 c6 11. Ba4 Bd7 12. O-O b5 13. cxb5 cxb5 14. Bb3 Ne4
15. Ne5 Nxd2 16. Qxd2 Nf5 17. d5 exd5 18. Qxd5 Be6 19. Qxb5 Bxb3 20. Qxb3 Qg5
21. Nf3 Qg6 22. a4 h5 23. a5 h4 24. h3 Ng3 25. Nxh4 Ne2+ 26. Kh1 Qf6 27. Nf3
Rab8 28. Qc2 Nc3 29. Ng5 Rbc8 30. Qh7# 1-0

[Event "AUTO-BEG-620"]
[Site "http://www.queenalice.com/game.php?id=1328344"]
[Date "2014.12.15"]
[Round "1"]
[White "dgrecu"]
[Black "rfdc"]
[Result "0-1"]
[WhiteElo "1317"]
[BlackElo "1254"]

1. e4 d6 2. Nc3 e5 3. Nf3 Nc6 4. d4 exd4 5. Nxd4 Nxd4 6. Qxd4 Nf6 7. Bg5 Be7 8.
Bxf6 Bxf6 9. Qc4 O-O 10. Bd3 Be6 11. Qb4 b6 12. O-O c6 13. Rad1 c5 14. Qa3 Qc7
15. Nb5 Qd7 16. b4 c4 17. Be2 Qxb5 18. Rxd6 Be7 19. Rd4 Bxb4 20. Qb2 a6 21. h3
Bc5 22. Qxb5 axb5 23. Rd2 Rxa2 24. Rfd1 g6 25. Rd8 Rxc2 26. Rxf8+ Kxf8 27. Rd8+
Kg7 28. Kf1 Rc1+ 29. Bd1 c3 0-1